| 000 | 00749nac a22002171u 4500 | ||
|---|---|---|---|
| 020 | _a8121925371 | ||
| 082 |
_a621.81505 _bKHU |
||
| 090 |
_c8626 _d8626 |
||
| 100 | _aKhurmi, R. S.. | ||
| 245 |
_a A Text Book Of Machine Design/ _cR. S. Khurmrmi and J. K. Gupta. |
||
| 260 |
_aNew Delhi: _bEurasia Publishing house,1979 _c1979 |
||
| 300 |
_a1230 p.: _bill; _c25cm. |
||
| 500 | _adistributer: Al-Ahram | ||
| 504 | _aIncludes Index. | ||
| 511 | _acatalogued by: wessam | ||
| 650 | _aMachinery. | ||
| 650 | _aMachinery--Engineering. | ||
| 700 | _aGupta, J. K. | ||
| 942 |
_cBB _k621.81505KHU |
||
| 999 |
_c8626 _d8626 |
||